Finish the Buffy Quotes Quiz Stats

 Plays Quiz not verified by Sporcle

Also try: Sporcle On TV
Challenge
Share
Tweet
Embed
Score 0/19 Timer 12:00
0 Plays Today
Quote Finished % Correct
The hardest thing in this world...Is to live in it
84.5%
Mom? Whadya doin'? Mom? ... Mom? ...Mommy
79.6%
Isn't it crazy how slayin' just always makes you...Hungry and horny
76.1%
He's got his crust all stiff and upper You Englishmen are always so. Bloody hell! Sodding, blimey, shagging, knickers, bollocks oh god. I'm english
73.2%
Say it's true. Say I do want to... it wouldn't be you, Spike. It would never be you. You'reBeneath Me
63.2%
I'm sorry, I didn't catch that last part on account of her neck snapping and all. Did you say the end is near... Or here
59.7%
Harmony, when you tried to be head cheerleader, you were bad. When you tried to chair the Homecoming committee, you were really bad. But when you try to be bad ...You suck
56.8%
I may be dead, but I'm still pretty...Which is more than i can say for you.
55.6%
love you, Willow. I love crayon breaky Willow and I love scary veiny Willow. So if you're gonna end the world, you're gonna have to...Start with me
52%
I'm getting the brush-off for...Captain Peroxide
51.7%
Quote Finished % Correct
I think about kissing you, and it's like everything stops. It's like, like freezer frame...Willow kissage
50%
Your...Shirt
40%
As a psych major, I'm qualified to go...Hmm
39.2%
I have not only the right, but also a nearly physical sensation of pleasure at the thought of keeping her out of school. I'd describe myself as...Tingly
33.2%
I apologize, I assumed you knew...I'm Dracula
31.7%
We don't know much about them except for they're very ugly, and they're very mobile...For Blind People
26.8%
You can't go around hitting people. What, were you...Born in a barn
22.5%
I walk. I talk. I shop. I sneeze. I'm gonna be a fireman when the floods roll back. There's trees in the desert since you moved out...And i don't sleep on a bed of bones
22.2%
I'm just trying to tell you that we have nothing in common besides both of us liking your penis...And now i don't even have that
12.3%

You're not logged in!

Compare scores with friends on all Sporcle quizzes.
Join for Free
OR
Log In

You Might Also Like...

Show Comments

Extras

Top Quizzes Today


Score Distribution

Your Account Isn't Verified!

In order to create a playlist on Sporcle, you need to verify the email address you used during registration. Go to your Sporcle Settings to finish the process.

Report this User

Report this user for behavior that violates our Community Guidelines.

Details: